000
00322nam a2200145Ia 4500
100
_a
Hughes /Larry
942
_c
BK
654
_a
data communications
245
_a
Introd. to Data Communications
260
_b
Narosa Pub House
_a
Bombay
_c
1997
082
_a
4.6
_b
HUG
300
_a
502
546
_a
ENGLISH
999
_c
26879
_d
26879